000 00373nam a2200133Ia 4500
008 240719s9999 xx 000 0 und d
041 _aeng
082 _a920 SIN
100 _aSinha, Arunava
245 _aThe Great Indian Stories Ever Told
260 _aNew Dehli
_bAleph Book Company
_c2023
300 _a528;. P. 23 Cm
520 _aFaculty Purchase By Dr. Jitendra Sharma
999 _c41472
_d41472